000 01211nam a22003737a 4500
003 CHAP
005 20220329134210.0
008 971013s1993 r 00010 d
010 _a16846
011 _a17818
035 _a21902
040 _cCHAP
082 _a633
_bM39 v.22-29
110 _aMéxico. Dirección General de Política Agrícola
_977030
245 _aSistema producto soya
_b: datos básicos
260 _aMéxico, D.F. :
_bLa Dirección,
_c1993
300 _ac.a. 50 h.
501 _aEnc. con otros impresos similares
590 _aBATCH-UPD
_b10
_c20130110
_lUCH01
_h1101
590 _aBATCH-UPD
_b10
_c20130410
_lUCH01
_h0654
590 _aBATCH-UPD
_b10
_c20130914
_lUCH01
_h2032
590 _aCONVERSION
_b10
_c20130109
_lUCH01
_h1310
650 1 4 _aSoya
_xCostos de producción.
_9109033
650 1 4 _aSoya
_xEnfermedades.
_9109044
650 1 4 _aSoya
_xExportación.
_9109049
650 1 4 _aSoya
_xImportación.
_9109060
650 1 4 _aSoya
_xMercadeo.
_9109070
650 1 4 _aSoya
_xNormas de calidad.
_9109074
650 1 4 _aSoya
_xPlagas.
_9109077
650 1 4 _aSoya
_xRendimiento.
_9109084
901 _aBK
942 _cLIBRO
949 _a633 M39 v.22-29
_bBC
_cC
_d-50929
_eC
_h85110
_i21902
_si
999 _c16846
_d16846